[Event "Superettan(Upsala-Vasteras)"]
[Site "?"]
[Date "2017.01.14"]
[Round "4"]
[White "Burwick, Malte"]
[Black "Norberg, Johan"]
[Result "1/2-1/2"]
[WhiteElo "2251"]
[BlackElo "2298"]
[PlyCount "104"]
1. Nf3 g6 2. d4 Bg7 3. c4 d6 4. Nc3 e5 5. g3 Nd7 6. Bg2 Ne7 7. O-O O-O 8. dxe5
dxe5 9. Qc2 Nf5 10. e3 c6 11. Rd1 Qc7 12. b3 Nf6 13. h3 Re8 14. Bb2 Nd6 15. e4
b6 16. Qd3 Nb7 17. b4 Be6 18. Ne2 Rad8 19. Qc2 Bc8 20. Rxd8 Nxd8 21. Rd1 Nb7
22. Nc1 Nd7 23. a3 Nd8 24. Qd3 c5 25. Na2 Nc6 26. Nc3 Nd4 27. Nd5 Qd6 28. Nxd4
cxd4 29. Rc1 Bb7 30. Qb3 Rc8 31. Qa4 a6 32. h4 a5 33. Bh3 Bc6 34. Qb3 axb4 35.
axb4 Bxd5 36. cxd5 Rxc1+ 37. Bxc1 Qc7 38. Bd2 Bf8 39. f3 Nf6 40. Qa4 Kg7 41.
Bf1 Nh5 42. Kf2 f5 43. Qc6 Qxc6 44. dxc6 Bd6 45. exf5 gxf5 46. Bd3 Nxg3 47.
Kxg3 e4+ 48. Bf4 exd3 49. Bxd6 d2 50. c7 d1=Q 51. c8=Q Qg1+ 52. Kh3 Qh1+
1/2-1/2

[Event "Superettan(Burgsvik-Stockholms SS)"]
[Site "?"]
[Date "2017.01.13"]
[Round "6"]
[White "Thorn, Eric"]
[Black "Linusson, Pelle"]
[Result "1-0"]
[WhiteElo "2279"]
[BlackElo "2256"]
[PlyCount "155"]
1. d4 Nf6 2. c4 g6 3. Nc3 d5 4. cxd5 Nxd5 5. e4 Nxc3 6. bxc3 Bg7 7. Bc4 c5 8.
Ne2 Nc6 9. Be3 O-O 10. O-O b6 11. Qd2 Bb7 12. Rfd1 Rc8 13. Rac1 e6 14. Bh6 Qc7
15. Bxg7 Kxg7 16. Qg5 Qe7 17. Qxe7 Nxe7 18. f3 Rfd8 19. dxc5 bxc5 20. Rb1 Rxd1+
21. Rxd1 Rc7 22. Nf4 g5 23. Nd3 Ng6 24. Rb1 Kf6 25. Kf2 h5 26. Ke3 h4 27. g3
hxg3 28. hxg3 Ne5 29. Nxe5 Kxe5 30. f4+ gxf4+ 31. gxf4+ Kf6 32. Rh1 Rc6 33. Rh5
Kg6 34. Rg5+ Kf6 35. Rh5 Ke7 36. a4 Kd6 37. f5 Ba6 38. Bb5 Bxb5 39. axb5 Rb6
40. Rh7 Ke7 41. fxe6 Kxe6 42. c4 a6 43. bxa6 Rxa6 44. Rh5 Ra3+ 45. Kf4 Kd6 46.
e5+ Kd7 47. Ke4 Ra1 48. Kd5 Rf1 49. Rh6 Re1 50. Rf6 Rd1+ 51. Kxc5 Re1 52. Rxf7+
Ke6 53. Rf6+ Kd7 54. e6+ Ke7 55. Rh6 Kd8 56. Kd6 Rd1+ 57. Kc6 Rb1 58. c5 Re1
59. e7+ Kxe7 60. Rd6 Rb1 61. Rd4 Rc1 62. Kb6 Rb1+ 63. Kc7 Rc1 64. c6 Ke6 65.
Kb7 Rb1+ 66. Kc8 Rc1 67. c7 Ke7 68. Kb7 Rb1+ 69. Kc6 Rc1+ 70. Kb6 Rb1+ 71. Kc6
Rc1+ 72. Kb7 Rb1+ 73. Kc8 Rc1 74. Re4+ Kd6 75. Rd4+ Ke7 76. Rd2 Rc3 77. Re2+
Kf7 78. Re4 1-0

[Event "Superettan(Burgsvik-Stockholms SS)"]
[Site "?"]
[Date "2017.01.13"]
[Round "6"]
[White "Nygren, Kim"]
[Black "Bergstrom, Rolf"]
[Result "0-1"]
[WhiteElo "2213"]
[BlackElo "2268"]
[PlyCount "72"]
1. e4 d6 2. d4 Nf6 3. Nc3 e5 4. Nf3 Nbd7 5. Bc4 Be7 6. O-O Nb6 7. Bb3 exd4 8.
Qxd4 O-O 9. Bg5 Bg4 10. Bxf6 gxf6 11. Nd2 a5 12. a4 c6 13. f4 Be6 14. Rf3 Kh8
15. Rg3 Nd7 16. Kh1 Qb6 17. Qd3 Rg8 18. Rf1 Nc5 19. Qe3 Rxg3 20. Qxg3 Nxb3 21.
cxb3 Rg8 22. Qd3 Bxb3 23. f5 Qb4 24. Ra1 d5 25. Nxb3 Qxb3 26. g3 dxe4 27. Qxe4
Bd6 28. Rd1 Be5 29. Rd7 Qxb2 30. Nd1 Qb4 31. Qe3 Qg4 32. Nf2 Qxf5 33. Rxf7 Bxg3
34. Ne4 Be5 35. Qe2 Bd4 36. Ng3 Qd5+ 0-1

[Event "Superettan(Burgsvik-Stockholms SS)"]
[Site "?"]
[Date "2017.01.13"]
[Round "6"]
[White "Aperia, Jakob"]
[Black "Andersson, Bjorn"]
[Result "1-0"]
[WhiteElo "2120"]
[BlackElo "2210"]
[PlyCount "69"]
1. c4 c5 2. g3 Nc6 3. Bg2 d6 4. Nc3 g6 5. a3 Bg7 6. Rb1 Bd7 7. b4 Rb8 8. Nf3
Qc8 9. b5 Na5 10. Qa4 Bxc3 11. dxc3 b6 12. e4 f6 13. Be3 Bh3 14. O-O h5 15. Nh4
Bxg2 16. Kxg2 Qe6 17. Qc2 Kf7 18. f4 Nxc4 19. Bc1 d5 20. Nxg6 Rh6 21. e5 d4 22.
f5 Qd5+ 23. Kh3 d3 24. Qb3 Rd8 25. Bxh6 Nxh6 26. Nf4 Qe4 27. Rbe1 Qxf5+ 28. Kg2
d2 29. Qxc4+ e6 30. Rd1 Ng4 31. Qe2 Qc2 32. exf6 e5 33. Qc4+ Kxf6 34. Qe6+ Kg7
35. Nxh5+ 1-0

[Event "Superettan(Burgsvik-Stockholms SS)"]
[Site "?"]
[Date "2017.01.13"]
[Round "6"]
[White "Larsson, Victor"]
[Black "Wiander, Michael"]
[Result "1-0"]
[WhiteElo "2153"]
[BlackElo "2252"]
[PlyCount "127"]
1. d4 e6 2. c4 f5 3. Nf3 Nf6 4. g3 Be7 5. Bg2 O-O 6. O-O d6 7. Nc3 Ne4 8. Qc2
Nxc3 9. Qxc3 Bf6 10. b4 c5 11. bxc5 dxc5 12. Bb2 Nc6 13. e3 Qc7 14. Rfd1 Bd7
15. Rac1 Rfd8 16. Ba3 b6 17. Ne5 cxd4 18. exd4 Nxd4 19. Qxd4 Bxe5 20. Qe3 Ba4
21. Re1 Bf6 22. Bxa8 Rxa8 23. Qxe6+ Kh8 24. c5 bxc5 25. Rxc5 Qb7 26. Rec1 Bd7
27. Qd5 Qxd5 28. Rxd5 Be6 29. Rd2 f4 30. gxf4 h6 31. Bd6 Rd8 32. Rcc2 Bf5 33.
Bc7 Rc8 34. Rc5 Bh3 35. Bd6 Rd8 36. f5 Re8 37. f4 Re1+ 38. Kf2 Bh4+ 39. Kf3 h5
40. Re5 Rf1+ 41. Ke4 Bf6 42. Rc5 Re1+ 43. Kd3 h4 44. Be5 Bxf5+ 45. Kd4 Rf1 46.
Kc3 Be7 47. Bxg7+ Kxg7 48. Rxf5 Kg6 49. Rb5 Rxf4 50. Rg2+ Kf6 51. Rh5 a5 52.
Kd3 a4 53. Ra5 a3 54. Ke3 Rc4 55. Kd3 Rf4 56. Ra7 Rf1 57. Ra6+ Kf7 58. Ra7 Re1
59. Rg4 Kf8 60. Rf4+ Kg8 61. Rg4+ Kf8 62. Rf4+ Kg8 63. Re4 Rxe4 64. Kxe4 1-0

[Event "Superettan(Burgsvik-Stockholms SS)"]
[Site "?"]
[Date "2017.01.13"]
[Round "6"]
[White "Lissang, Christopher"]
[Black "Andersson, Tommy"]
[Result "1/2-1/2"]
[WhiteElo "2338"]
[BlackElo "2404"]
[PlyCount "92"]
1. Nf3 d5 2. g3 Nf6 3. Bg2 e6 4. O-O Be7 5. c4 O-O 6. b3 b6 7. Bb2 Bb7 8. cxd5
exd5 9. d4 Nbd7 10. Nc3 Re8 11. Ne5 Bd6 12. f4 c5 13. e3 cxd4 14. exd4 Ne4 15.
Rc1 Nxc3 16. Rxc3 Nf6 17. Rc2 Ne4 18. Bh3 Qe7 19. Qd3 f6 20. Nc6 Qf7 21. Rfc1
g6 22. b4 Bxc6 23. Rxc6 Bxb4 24. Rc7 Re7 25. Rxe7 Qxe7 26. Qb5 Rd8 27. Rc8 Rxc8
28. Qxd5+ Kg7 29. Bxc8 Nd6 30. Be6 b5 31. g4 a5 32. f5 Qc7 33. Qb3 Bd2 34. a4
b4 35. Qd1 Ne4 36. Bb3 Qf4 37. Qe2 Be3+ 38. Kg2 gxf5 39. gxf5 Nd2 40. Bc2 Qg5+
41. Kh3 Qh6+ 42. Kg2 Qf4 43. Bd3 Ne4 44. Bc1 Qg5+ 45. Kf3 Qf4+ 46. Kg2 Qg5+
1/2-1/2

[Event "Superettan(Burgsvik-Stockholms SS)"]
[Site "?"]
[Date "2017.01.13"]
[Round "6"]
[White "Krupenski, Juri"]
[Black "Couso, Luis"]
[Result "1-0"]
[WhiteElo "2426"]
[BlackElo "2299"]
[PlyCount "117"]
1. d4 d5 2. c4 c6 3. cxd5 cxd5 4. Bg5 h6 5. Bh4 Qb6 6. Nc3 e6 7. Qd2 Nc6 8. e3
Bd7 9. Bd3 Rc8 10. Nge2 Be7 11. Bg3 Nf6 12. f3 O-O 13. O-O Nh5 14. Bf2 f5 15.
Kh1 Qd8 16. Rac1 a6 17. h3 Na5 18. g4 Nf6 19. gxf5 Nc4 20. Bxc4 Rxc4 21. Nf4
Bd6 22. Bg3 Bxf4 23. Bxf4 Nh5 24. Ne2 Qh4 25. Kg2 Rxf5 26. Rxc4 dxc4 27. Qe1
Qxe1 28. Rxe1 Bc6 29. Rf1 Rb5 30. Rb1 Rf5 31. Rf1 Rb5 32. Rb1 Nxf4+ 33. Nxf4
Kf7 34. e4 c3 35. b3 Ra5 36. a4 b5 37. Rc1 b4 38. Nd3 Bxa4 39. bxa4 Rxa4 40.
Kf2 Ra2+ 41. Ke3 a5 42. h4 c2 43. Kd2 b3 44. Kc3 a4 45. Ne5+ Ke8 46. Nc4 g5 47.
hxg5 hxg5 48. d5 exd5 49. exd5 Kd8 50. Rh1 Ke7 51. Re1+ Kd8 52. Na5 Kd7 53. Nc6
Kd6 54. Nb4 c1=Q+ 55. Rxc1 Rf2 56. Nd3 Rxf3 57. Kd4 Rxd3+ 58. Kxd3 b2 59. Rg1
1-0

[Event "Superettan(Burgsvik-Stockholms SS)"]
[Site "?"]
[Date "2017.01.13"]
[Round "6"]
[White "Ertan, Can"]
[Black "Persson, Mats"]
[Result "1-0"]
[WhiteElo "2385"]
[BlackElo "2289"]
[PlyCount "55"]
[EventDate "2017.??.??"]
1. e4 e5 2. Nf3 d6 3. Bc4 Be7 4. O-O Nf6 5. Re1 O-O 6. c3 c6 7. Bb3 Nbd7 8. d4
b5 9. a4 Bb7 10. axb5 cxb5 11. Qd3 a6 12. Bg5 h6 13. Bxf6 Bxf6 14. Nbd2 Re8 15.
Nf1 Qc7 16. Ng3 g6 17. h4 Nb6 18. h5 Kh7 19. Nh2 Bg7 20. Qf3 Rf8 21. Rad1 Rae8
22. Ng4 Qe7 23. dxe5 dxe5 24. Rd3 Nd7 25. Nf5 gxf5 26. Qxf5+ Kg8 27. Rxd7 Bc8
28. Nxh6+ 1-0

[Event "Superettan(Burgsvik-Stockholms SS)"]
[Site "?"]
[Date "2017.01.13"]
[Round "6"]
[White "Fries-Nielsen, Jens Ove"]
[Black "Lokander, Martin"]
[Result "0-1"]
[WhiteElo "2337"]
[BlackElo "2311"]
[PlyCount "74"]
[EventDate "2017.??.??"]
1. d4 d5 2. Nc3 Nf6 3. Bf4 a6 4. e3 e6 5. Nf3 c5 6. Be2 Nc6 7. O-O Bd6 8. Bxd6
Qxd6 9. Na4 cxd4 10. exd4 Nd7 11. a3 b5 12. Nc3 Bb7 13. Bd3 Rc8 14. Ne2 Na5 15.
Ng3 Nc4 16. Qc1 O-O 17. b3 Na5 18. Qg5 h6 19. Qd2 Nc6 20. Rfe1 Rfe8 21. c3 e5
22. Bf5 e4 23. Ne5 Ncxe5 24. dxe5 Qc7 25. Bxd7 Qxd7 26. Nxe4 Rxe5 27. b4 d4 28.
Nc5 Rcxc5 29. bxc5 Rg5 30. f3 Bxf3 31. g3 Bb7 32. cxd4 Qd5 33. Rf1 Rg4 34. Rf4
Qh1+ 35. Kf2 Qxh2+ 36. Ke1 Qxg3+ 37. Rf2 Bf3 0-1

[Event "Superettan(Kamraterna-Stockholms SS)"]
[Site "?"]
[Date "2016.10.16"]
[Round "3"]
[White "Lokander, Martin"]
[Black "Madebrink, Lars"]
[Result "1-0"]
[WhiteElo "2317"]
[BlackElo "2235"]
[PlyCount "69"]
1. d4 Nf6 2. c4 e5 3. dxe5 Ng4 4. Nc3 Bc5 5. e3 Nxe5 6. f4 Ng6 7. Bd3 Nc6 8.
Qh5 d6 9. Nf3 Nb4 10. Be4 c6 11. a3 Na6 12. Bd2 Qe7 13. O-O-O Bd7 14. Rde1
O-O-O 15. h4 Nf8 16. Nd4 g6 17. Qf3 f5 18. Bd3 Qf7 19. h5 Ne6 20. Nc2 Bb6 21.
b4 g5 22. fxg5 Nxg5 23. Qf4 h6 24. Ref1 Rhf8 25. e4 d5 26. exd5 cxd5 27. cxd5
Nc7 28. Ne3 Bxe3 29. Qxe3 Nxd5 30. Qxa7 Nc7 31. Bxg5 hxg5 32. Be4 Bc6 33. Bxf5+
Ne6 34. Qe3 Rd6 35. Bxe6+ 1-0

[Event "Superettan(Rockaden,Sthlm II-Horndal)"]
[Site "?"]
[Date "2016.10.16"]
[Round "3"]
[White "Rorvall, Goran"]
[Black "Bryntze, Stefan"]
[Result "0-1"]
[WhiteElo "2162"]
[BlackElo "2141"]
[PlyCount "58"]
1. e4 e5 2. Nf3 Nc6 3. Bb5 a6 4. Ba4 Nf6 5. d4 exd4 6. O-O Be7 7. Re1 O-O 8. e5
Nd5 9. c3 d6 10. cxd4 Bg4 11. Nc3 dxe5 12. Nxd5 Qxd5 13. Bb3 Qa5 14. Bd2 Bxf3
15. gxf3 Qb6 16. dxe5 Rad8 17. Qc1 Nd4 18. Bd1 Rd5 19. Bf4 Rfd8 20. Bg3 h5 21.
e6 Nxe6 22. Bb3 Rc5 23. Qe3 Bg5 24. Qe4 Rd4 25. Qe2 h4 26. Be5 Rd2 27. Qf1 Bf4
28. Bc3 Rg5+ 29. Kh1 Rxf2 0-1

[Event "Superettan(Kamraterna-Stockholms SS)"]
[Site "?"]
[Date "2016.10.16"]
[Round "3"]
[White "Borvander, Tom"]
[Black "Bergstrom, Rolf"]
[Result "0-1"]
[WhiteElo "2162"]
[BlackElo "2290"]
[PlyCount "78"]
1. d4 Nf6 2. c4 e6 3. Nc3 Bb4 4. f3 d5 5. a3 Bxc3+ 6. bxc3 c5 7. cxd5 Nxd5 8.
dxc5 Qa5 9. e4 Nf6 10. Be3 O-O 11. Qb3 Nfd7 12. Bb5 Qc7 13. Nh3 Nxc5 14. Qc2 e5
15. Nf2 Be6 16. O-O Nbd7 17. Rab1 Rfc8 18. g3 Nb6 19. f4 Nc4 20. Bxc4 Bxc4 21.
Rfd1 Rd8 22. fxe5 Qxe5 23. Rd4 Be6 24. Bf4 Qh5 25. Qd2 Re8 26. Qe3 b6 27. a4 h6
28. Rb5 f5 29. a5 Nb3 30. Rd6 Nxa5 31. g4 Qf7 32. gxf5 Bd7 33. Rbd5 Re7 34. Qd4
Nb3 35. Qd1 Nc5 36. Qg4 Rae8 37. Bxh6 Nxe4 38. Be3 Nf6 39. Rxf6 Qxd5 0-1

[Event "Superettan(Rockaden,Sthlm II-Horndal)"]
[Site "?"]
[Date "2016.10.16"]
[Round "3"]
[White "Nikolic, Vladan"]
[Black "Kallstrom, Magnus"]
[Result "1-0"]
[WhiteElo "2056"]
[BlackElo "1908"]
[PlyCount "79"]
[EventDate "2016.??.??"]
1. d4 Nf6 2. c4 e6 3. Nf3 Bb4+ 4. Nbd2 b6 5. g3 Bb7 6. Bg2 O-O 7. O-O Re8 8. a3
Bf8 9. Qc2 d6 10. e4 e5 11. d5 a5 12. b3 Na6 13. Ne1 g6 14. Rb1 Bg7 15. b4 axb4
16. axb4 Qd7 17. Nd3 Reb8 18. Nb3 Bc8 19. Bd2 Nh5 20. Ra1 Qe7 21. Ra2 f5 22. f3
f4 23. g4 Nf6 24. Rfa1 Bb7 25. Bf1 Nd7 26. Nf2 h5 27. c5 Naxc5 28. Rxa8 Bxa8
29. bxc5 bxc5 30. Ra7 Nb6 31. Qa2 c4 32. Nc1 hxg4 33. Nxg4 Bxd5 34. exd5 e4 35.
Ra3 Bd4+ 36. Kh1 e3 37. Bc3 Bxc3 38. Rxc3 Kg7 39. Bxc4 Nxc4 40. Qxc4 1-0

[Event "Superettan(Kamraterna-Stockholms SS)"]
[Site "?"]
[Date "2016.10.16"]
[Round "3"]
[White "Lissang, Christopher"]
[Black "Nyberg, Ulf"]
[Result "1-0"]
[WhiteElo "2313"]
[BlackElo "2144"]
[PlyCount "61"]
1. d4 e6 2. c4 f5 3. Nc3 Bb4 4. e3 Nf6 5. Bd3 b6 6. Nge2 Bb7 7. O-O O-O 8. f3
c5 9. d5 Bxc3 10. Nxc3 Kh8 11. e4 fxe4 12. fxe4 d6 13. dxe6 Qe7 14. Nd5 Qxe6
15. Nc7 Qe5 16. Bc2 Nc6 17. Nxa8 Rxa8 18. Be3 Re8 19. Rf5 Qxb2 20. Rb1 Qc3 21.
Rb3 Qxc4 22. Qxd6 Rd8 23. Bd3 Qf7 24. Qf4 c4 25. Rb1 cxd3 26. Rf1 Ne7 27. Qc7
Nxf5 28. Qxf7 Bxe4 29. Bd2 Rd7 30. Qf8+ Ng8 31. Rxf5 1-0

[Event "Superettan(Rockaden,Sthlm II-Horndal)"]
[Site "?"]
[Date "2016.10.16"]
[Round "3"]
[White "Eriksson, Magnus"]
[Black "Crevatin, Leo"]
[Result "0-1"]
[WhiteElo "2033"]
[BlackElo "2026"]
[PlyCount "101"]
1. d4 d5 2. c4 c6 3. e3 e6 4. Nc3 Nf6 5. Nf3 Nbd7 6. Qc2 Bd6 7. g4 h6 8. h3
dxc4 9. e4 e5 10. Bxc4 b5 11. Be2 Bb7 12. g5 hxg5 13. Bxg5 Qa5 14. O-O-O exd4
15. Nxd4 b4 16. Nf5 Bc7 17. Na4 g6 18. Bxf6 Nxf6 19. Nd6+ Bxd6 20. Rxd6 Qg5+
21. Kb1 Qe5 22. Rhd1 Nxe4 23. Rd7 Nxf2 24. Rxb7 Nxd1 25. Qxc6+ Kf8 26. Qf3 Qf5+
27. Qxf5 gxf5 28. Bxd1 Rxh3 29. Rxb4 Rd8 30. Nc3 Rxc3 31. bxc3 Rxd1+ 32. Kc2
Re1 33. Rf4 Re5 34. Kd3 Ra5 35. Rf2 Ke7 36. Kd4 Kd6 37. c4 f6 38. Rd2 Re5 39.
Rf2 Kc6 40. Rf3 Kd6 41. Rf2 Re4+ 42. Kd3 Ke5 43. c5 Rg4 44. c6 Rd4+ 45. Kc3 Rd6
46. Re2+ Kf4 47. Kc4 Rxc6+ 48. Kd5 Rb6 49. Rf2+ Kg4 50. a3 f4 51. Kd4 0-1

[Event "Superettan(Kamraterna-Stockholms SS)"]
[Site "?"]
[Date "2016.10.16"]
[Round "3"]
[White "Axelsson, Uno"]
[Black "Wiander, Michael"]
[Result "0-1"]
[WhiteElo "2080"]
[BlackElo "2247"]
[PlyCount "40"]
1. d4 e6 2. c4 f5 3. Nf3 Nf6 4. g3 Be7 5. Bg2 O-O 6. O-O d6 7. Nc3 Ne4 8. Qc2
Nxc3 9. Qxc3 Bf6 10. Qd3 Nc6 11. e3 Qe8 12. Rd1 Qh5 13. b3 e5 14. Qf1 f4 15. d5
e4 16. Nd4 f3 17. dxc6 fxg2 18. Qe1 bxc6 19. Bb2 c5 20. Qa5 Bg4 0-1

[Event "Superettan(Rockaden,Sthlm II-Horndal)"]
[Site "?"]
[Date "2016.10.16"]
[Round "3"]
[White "Alarik, Martin"]
[Black "Bengts, Torleif"]
[Result "1-0"]
[WhiteElo "2021"]
[BlackElo "2097"]
[PlyCount "59"]
1. d4 Nf6 2. Nf3 d5 3. c4 dxc4 4. Nc3 c6 5. a4 g6 6. e4 Bg4 7. e5 Nh5 8. Bxc4
Ng7 9. Bxf7+ Kxf7 10. Ng5+ Kg8 11. Qxg4 Nf5 12. Be3 Na6 13. O-O Nc7 14. e6 Qc8
15. Nf7 Qxe6 16. Nxh8 Kxh8 17. Bf4 Ne8 18. Rfe1 Qb3 19. Be5+ Bg7 20. Re2 Rd8
21. Bxg7+ Kxg7 22. Rd1 Nf6 23. Qf4 Rd7 24. g4 e5 25. Rxe5 Nd5 26. Rxd5 Rxd5 27.
Rd2 Nh4 28. Re2 Rd7 29. Qe5+ Kh6 30. Qf6 1-0

[Event "Superettan(Vasteras-Orgryte)"]
[Site "?"]
[Date "2016.10.16"]
[Round "3"]
[White "Arnelind, Mikael"]
[Black "Akesson, Ralf"]
[Result "0-1"]
[WhiteElo "2204"]
[BlackElo "2419"]
[PlyCount "66"]
1. d4 Nf6 2. c4 e6 3. Nc3 d5 4. cxd5 Nxd5 5. e4 Nxc3 6. bxc3 c5 7. Nf3 cxd4 8.
cxd4 Bb4+ 9. Bd2 Bxd2+ 10. Qxd2 O-O 11. Bb5 b6 12. O-O Bb7 13. Rfe1 Nd7 14.
Rac1 Nf6 15. Bc6 Bxc6 16. Rxc6 Rc8 17. Rxc8 Qxc8 18. Rc1 Qb7 19. e5 Nd5 20. Qc2
h6 21. h4 Rd8 22. Kh2 b5 23. a3 a5 24. Qb2 b4 25. Rc5 Ra8 26. Kg3 a4 27. axb4
a3 28. Qa1 Qxb4 29. h5 a2 30. Rc1 Qa3 31. Rc2 Qb3 32. Rc1 Nb4 33. Rc3 Qb1 0-1

[Event "Superettan(Vaxjo-Burgsvik)"]
[Site "?"]
[Date "2016.10.16"]
[Round "3"]
[White "Andersson, Tommy"]
[Black "Solodovnichenko, Yuri"]
[Result "1-0"]
[WhiteElo "2395"]
[BlackElo "2567"]
[PlyCount "59"]
1. d4 d5 2. c4 e6 3. Nc3 Nf6 4. Nf3 c6 5. e3 Nbd7 6. Qc2 Bd6 7. Bd3 dxc4 8.
Bxc4 b5 9. Be2 Bb7 10. O-O O-O 11. e4 e5 12. dxe5 Nxe5 13. Nxe5 Bxe5 14. Bg5
Re8 15. Bf3 a6 16. Rfe1 h6 17. Bh4 g5 18. Bg3 g4 19. Be2 c5 20. Rad1 Qe7 21.
Nd5 Bxd5 22. exd5 Bxg3 23. hxg3 Rad8 24. Qc1 Rxd5 25. Rxd5 Nxd5 26. Qxh6 Qe5
27. Rd1 Nf6 28. Bd3 c4 29. Bc2 Qxb2 30. Rd5 1-0

[Event "Superettan(Upsala-Schack 08)"]
[Site "?"]
[Date "2016.10.16"]
[Round "3"]
[White "Renman, Nils-Gustaf"]
[Black "Johansson, Jan"]
[Result "1-0"]
[WhiteElo "2344"]
[BlackElo "2363"]
[PlyCount "59"]
1. d4 Nf6 2. Nf3 e6 3. c4 c5 4. d5 b5 5. Bg5 exd5 6. cxd5 Qa5+ 7. Nc3 Ne4 8.
Bd2 Nxd2 9. Nxd2 d6 10. e3 a6 11. a4 b4 12. Nce4 Be7 13. Nc4 Qd8 14. Qf3 Ra7
15. Qg3 O-O 16. Nexd6 Nd7 17. Nxc8 Qxc8 18. Bd3 Bf6 19. O-O Qd8 20. a5 Re8 21.
f4 Nb8 22. Rad1 Rd7 23. Qf3 Kh8 24. Bc2 Rf8 25. Kh1 Rb7 26. d6 Rb5 27. b3 Qd7
28. Bd3 Qa7 29. Qd5 Kg8 30. Qf5 1-0

[Event "Superettan(Vasteras-Orgryte)"]
[Site "?"]
[Date "2016.10.16"]
[Round "3"]
[White "Sjodahl, Pontus"]
[Black "Ziegler, Ari"]
[Result "1/2-1/2"]
[WhiteElo "2418"]
[BlackElo "2301"]
[PlyCount "128"]
1. d4 Nf6 2. c4 g6 3. Nc3 Bg7 4. e4 d6 5. f3 O-O 6. Be3 c5 7. dxc5 dxc5 8. Qxd8
Rxd8 9. Bxc5 Nc6 10. Rd1 Rxd1+ 11. Kxd1 Nd7 12. Bf2 Bxc3 13. bxc3 Nde5 14. Ne2
Nd3 15. Bh4 Nb2+ 16. Kc1 Nxc4 17. Nd4 N4a5 18. Bb5 Kf8 19. Rd1 Ke8 20. Ba4 Bd7
21. Nb5 Rd8 22. Nc7+ Kf8 23. Nd5 Be6 24. Bf2 b6 25. Bb5 f6 26. f4 f5 27. Nb4
Rxd1+ 28. Kxd1 Nxb4 29. cxb4 Nb7 30. exf5 Bxa2 31. fxg6 hxg6 32. Ba6 Nd6 33.
Bd4 Bc4 34. Bxc4 Nxc4 35. Kc2 a6 36. Kd3 b5 37. Bc3 Kf7 38. Kd4 Ke6 39. g4 Kd6
40. Ke4 e6 41. h4 Ke7 42. Kd4 Nb6 43. Bd2 Nd7 44. h5 gxh5 45. gxh5 Kf7 46. Bc1
Kf6 47. Ke4 Kf7 48. Bb2 Kg8 49. Kf3 Nb6 50. Bc3 Nd5 51. Bd2 Nf6 52. h6 Kh7 53.
Bc3 Nd5 54. Bd2 Kxh6 55. Ke4 Kg7 56. Ke5 Kf7 57. f5 Nc7 58. fxe6+ Nxe6 59. Kd6
Nd4 60. Bc3 Nc2 61. Kc5 Ke6 62. Bg7 Kf5 63. Kb6 Nxb4 64. Bf8 Nd5+ 1/2-1/2

[Event "Superettan(Vaxjo-Burgsvik)"]
[Site "?"]
[Date "2016.10.16"]
[Round "3"]
[White "Christiansen, Johan-Sebastian"]
[Black "Fries-Nielsen, Niels Jorgen"]
[Result "1-0"]
[WhiteElo "2413"]
[BlackElo "2290"]
[PlyCount "73"]
[EventDate "2016.??.??"]
1. Nf3 b5 2. e4 Bb7 3. Bxb5 Bxe4 4. O-O Nf6 5. d4 e6 6. c4 Nc6 7. Ng5 Bxb1 8.
Rxb1 Bd6 9. Bxc6 dxc6 10. Qa4 Qd7 11. c5 Be7 12. Nf3 O-O 13. Ne5 Qe8 14. Nxc6
Nd5 15. Qa6 Bf6 16. Bd2 Ne7 17. Nxe7+ Qxe7 18. Be3 Rfd8 19. Rfd1 Rd5 20. b4 Qd8
21. Qb7 g5 22. Rd2 a6 23. a4 Rb8 24. Qxa6 Bxd4 25. Qc6 Qf6 26. Rxd4 Rxd4 27.
Bxd4 Qxd4 28. b5 Rd8 29. h3 Rd5 30. Qxc7 Qxa4 31. c6 Qc2 32. Qb8+ Kg7 33. Rf1
Rc5 34. Ra1 Rf5 35. c7 Qxf2+ 36. Kh1 Qb2 37. Rg1 1-0

[Event "Superettan(Upsala-Schack 08)"]
[Site "?"]
[Date "2016.10.16"]
[Round "3"]
[White "Malm Lindberg, Henrik"]
[Black "Laveryd, Peter"]
[Result "1/2-1/2"]
[WhiteElo "2246"]
[BlackElo "2382"]
[PlyCount "41"]
1. e4 Nc6 2. Nf3 d6 3. d4 Nf6 4. Nc3 Bg4 5. Be3 e6 6. h3 Bxf3 7. Qxf3 d5 8.
O-O-O dxe4 9. Nxe4 Nxe4 10. Qxe4 Qd5 11. Qxd5 exd5 12. Bf4 O-O-O 13. c3 Bd6 14.
Bxd6 Rxd6 15. Bd3 Rf6 16. Rhf1 Re8 17. Kd2 h5 18. h4 Kd7 19. f4 Rh6 20. Rde1
Rxe1 21. Rxe1 1/2-1/2

[Event "Superettan(Vasteras-Orgryte)"]
[Site "?"]
[Date "2016.10.16"]
[Round "3"]
[White "Kumar, Rahul"]
[Black "Landgren, Andreas"]
[Result "1-0"]
[WhiteElo "2147"]
[BlackElo "2229"]
[PlyCount "109"]
1. e4 c5 2. Na3 b6 3. Nf3 Bb7 4. d3 e6 5. Bf4 d6 6. g3 Be7 7. Bg2 Nf6 8. O-O
O-O 9. Re1 Nc6 10. c3 e5 11. Bd2 Re8 12. Nc4 Bf8 13. a4 g6 14. Qb3 Rb8 15. Ng5
Qc7 16. Rad1 h6 17. Nf3 Bg7 18. Nh4 Kh7 19. f4 Rbd8 20. Ne3 Qe7 21. Nd5 Nxd5
22. exd5 Na5 23. Qa2 Bc8 24. b4 Nb7 25. d4 Qd7 26. Bf1 exf4 27. Bb5 Rxe1+ 28.
Rxe1 Qg4 29. Be2 Qd7 30. Bb5 Qc7 31. dxc5 bxc5 32. gxf4 Bf6 33. Ng2 Bd7 34. Qc4
Qb6 35. Bxd7 Rxd7 36. a5 Qc7 37. a6 Nd8 38. Be3 Qc8 39. Bf2 Rc7 40. b5 Qg4 41.
Qd3 c4 42. Qd2 Qd7 43. b6 axb6 44. Bxb6 Rc8 45. Bd4 Bxd4+ 46. Qxd4 Qb5 47. Ne3
Qxa6 48. Ng4 h5 49. Re8 Qa1+ 50. Kg2 Qb2+ 51. Kg3 h4+ 52. Kh3 f6 53. Re7+ Kg8
54. Nh6+ Kf8 55. Qxf6+ 1-0

[Event "Superettan(Vaxjo-Burgsvik)"]
[Site "?"]
[Date "2016.10.16"]
[Round "3"]
[White "Krupenski, Juri"]
[Black "Rydstrom, Tom"]
[Result "1-0"]
[WhiteElo "2423"]
[BlackElo "2307"]
[PlyCount "57"]
1. e4 e5 2. Nf3 Nc6 3. d4 exd4 4. Nxd4 Bb4+ 5. c3 Be7 6. Nxc6 bxc6 7. Bc4 Nf6
8. e5 Nd5 9. Qg4 Kf8 10. O-O d6 11. Qe2 h5 12. f4 h4 13. h3 Bf5 14. Nd2 Qd7 15.
Nf3 Nb6 16. Nd4 Nxc4 17. Nxf5 Qxf5 18. Qxc4 c5 19. Be3 Rh6 20. Rad1 Rb8 21.
exd6 cxd6 22. Rd5 Qc2 23. f5 Rxb2 24. Rd2 Qxd2 25. Bxd2 Rxd2 26. Rb1 g5 27. Qe4
Bf6 28. Rb8+ Kg7 29. Qe8 1-0

[Event "Superettan(Upsala-Schack 08)"]
[Site "?"]
[Date "2016.10.16"]
[Round "3"]
[White "Rosberg, Simon"]
[Black "Cederberg, Karl Olof"]
[Result "1-0"]
[WhiteElo "2334"]
[BlackElo "2204"]
[PlyCount "47"]
1. Nf3 d6 2. d4 Nf6 3. c4 Bg4 4. Qb3 Qc8 5. Nc3 Nbd7 6. e4 e5 7. Be3 Be7 8. h3
Bxf3 9. gxf3 exd4 10. Bxd4 Ne5 11. Be2 O-O 12. f4 Nc6 13. Be3 Re8 14. O-O-O Bf8
15. f3 g6 16. f5 gxf5 17. Rhg1+ Kh8 18. Nd5 Nxd5 19. exd5 Ne5 20. f4 Ng6 21. h4
Qd8 22. h5 Nxf4 23. Bxf4 Rxe2 24. Qg3 1-0

[Event "Superettan(Vasteras-Orgryte)"]
[Site "?"]
[Date "2016.10.16"]
[Round "3"]
[White "Eriksson, Anders"]
[Black "Eksmyr, Johan"]
[Result "1-0"]
[WhiteElo "2271"]
[BlackElo "2193"]
[PlyCount "123"]
1. Nf3 Nf6 2. g3 g6 3. Bg2 Bg7 4. O-O d5 5. d4 c6 6. c4 dxc4 7. Qc2 b5 8. Nbd2
O-O 9. b3 Bf5 10. e4 c3 11. exf5 cxd2 12. Bxd2 Nd5 13. a4 Qd7 14. fxg6 hxg6 15.
Ne5 Qd6 16. Rfe1 Rd8 17. Ba5 Re8 18. Rac1 bxa4 19. bxa4 e6 20. Qc5 Qxc5 21.
Rxc5 Re7 22. f4 Rb7 23. Rec1 Bf8 24. R5c4 Ne3 25. R4c3 Nxg2 26. Kxg2 Nd7 27.
Rxc6 Nxe5 28. dxe5 Rab8 29. Rc8 Rxc8 30. Rxc8 Kg7 31. Bd8 Be7 32. Bxe7 Rxe7 33.
Kf3 Rb7 34. Ra8 Rc7 35. a5 Rd7 36. h4 Rc7 37. a6 f6 38. Rb8 Rc3+ 39. Kg4 fxe5
40. fxe5 Kh6 41. Rh8+ Kg7 42. Re8 Rc6 43. Re7+ Kh6 44. Rxa7 Rc4+ 45. Kf3 Ra4
46. Ra8 Ra3+ 47. Kg4 Ra4+ 48. Kh3 g5 49. a7 g4+ 50. Kg2 Ra2+ 51. Kf1 Kg7 52.
Ke1 Kh7 53. Kd1 Kg7 54. Kc1 Kh7 55. Kb1 Ra6 56. Kb2 Kg7 57. Kb3 Ra1 58. Kb4 Ra2
59. Kb5 Ra1 60. Kb6 Rb1+ 61. Kc6 Ra1 62. Rd8 1-0

[Event "Superettan(Vaxjo-Burgsvik)"]
[Site "?"]
[Date "2016.10.16"]
[Round "3"]
[White "Olofsson-Dolk, Mattis"]
[Black "Nygren, Kim"]
[Result "0-1"]
[WhiteElo "2240"]
[BlackElo "2216"]
[PlyCount "94"]
1. d4 Nf6 2. c4 g6 3. Nc3 Bg7 4. e4 d6 5. Nf3 O-O 6. Be2 Nbd7 7. O-O e5 8. Be3
Ng4 9. Bg5 f6 10. Bc1 Nh6 11. dxe5 dxe5 12. b4 Nf7 13. Qc2 c6 14. Bb2 Qc7 15.
Rad1 Re8 16. c5 Nf8 17. Bc4 Be6 18. Ne2 Rad8 19. Nd2 Bh6 20. Bxe6 Nxe6 21. Nc4
b5 22. cxb6 axb6 23. Qb3 b5 24. Ne3 Nd6 25. f4 Nxe4 26. Rxd8 Qxd8 27. Qc2 Nxf4
28. Nxf4 exf4 29. Ng4 Qb6+ 30. Kh1 Bg5 31. Rd1 h5 32. Bd4 Qd8 33. Nf2 Qd5 34.
Nxe4 Qxe4 35. Qb3+ Qe6 36. Qc2 Kh7 37. Bc5 h4 38. Qd3 h3 39. gxh3 Qe4+ 40. Qxe4
Rxe4 41. Rd7+ Kg8 42. Rd8+ Kf7 43. Rd7+ Ke8 44. Rd6 Re1+ 45. Kg2 Re2+ 46. Kg1
Bh4 47. Kf1 f3 0-1